000 00719nam a22002297a 4500
999 _c9764
_d9764
003 AR-CdUCM
008 190328b ||||| |||| 00| 0 spa d
040 _aMUNICIPALIDAD PROVINCIAL DEL CUSCO
_cBIBLIOTECA MUNICIPAL DEL CUSCO
082 _22ed.
_a804.08 /
_bK21 / 1946
100 _aKant
_926194
245 _aLo bello y lo sublime :
_bLa paz perpetua /
260 _aBuenos Aires :
_bEspasa-Calpe,
_c1946.
300 _a159 páginas ;
_c18 cm.
440 _aColección austral.
_9172
505 _aContenido: Lo bello y lo sublime -- La paz perpetua.
650 _aEstética
_9589
650 _aPaz
_9757
650 _aEnsayos
_9375
700 _aSánchez Rivero, A.
_926195
942 _2ddc
_cLIBROS
945 _aacv